000 00441nam a22001457a 4500
008 150311b xxu||||| |||| 00| 0 eng d
050 _aQD461.S416
100 _aSebera, D.K
_916233
245 _aElectronic structure and chemical bonding
_c/by Donald Keith Sebera
260 _aMassachusetts
_bBlaisdell
_c1964
300 _aix, 298p. ;
_c21cm.
650 _aElectrons
_915761
650 _aChemical bonds
_916234
942 _2lcc
_cMONOGRAPH
999 _c122412
_d122412